01319cam a22003375a 45000010009000000050017000090080041000260100017000670200015000840200018000990400029001170420008001460820020001541000034001742450153002082500012003612600070003733000035004435000027004785000024005055040031005295900011005606500060005716500053006316500053006846500051007376510010007889420024007989990017008229520142008391826773420161117130520.0140814s2015 caua frdb 001 0 eng d a 2014030319 a0128013907 a9780128013908 aDLCbengcDLCdEG-ScBUE  apcc04222a658.16bDEP1 aDePamphilis, Donald M.93896010aMergers, acquisitions, and other restructuring activities :bAn integrated approach to process, tools, cases, and solutions /cDonald M. DePamphilis a8th ed. aSan Diego, California :bAcademic Press / Elsevier Inc.,cc.2015. axxiv, 758 p. :bill. ;c24 cm. aGlossary : p. 723-729. aIndex : p. 731-758. aBibliography : p. 693-722. aWessam 7aConsolidation and merger of corporations.2BUEsh936487 7aOrganizational change2BUEsh931019xManagement. 7aConsolidation and merger of corporations.936487 7aCorporate reorganizations 941664xManagement. 2BUEsh 2ddce22k658.16 DEP c23177d23149 00102ddc40708BaccahaMAINbMAINc1STd2016-11-17ePurchaseg950.00h25846l0o658.16 DEPp000034494r2025-07-15 00:00:00v1187.50yBB